000 07203nam0a22005051 4500
001 RU\NLR\BIBL_A\012057818
005 20260408065859.0
035 _a(NLR Aleph) 012057818
090 _a11686573
_c11686573
100 _a20190226j1822 |||y0rusy50 ca
101 0 _arus
102 _aRU
105 _ay n 000yy
200 1 _aПривиллегия.
_e[Ревельскому купцу Флюгу на выписанную им из Англии канатную машину]
210 _a[Б.м.
_dокт. 1822]
215 _a[4] с.
_d
300 _aПривилегия от 27 мая 1822 г. Распубликована Сенатом 12 окт. 1822 г.
300 _aТекст начинается словами: Владелец канатной фабрики, в городе Санктпетербурге находящейся, ревельский первой гильдии купец Егор Гаврилов Флюг подал Министерству финансов по Департаменту мануфактур и внутренней торговли в четвертый день июля месяца прошлаго тысяча восемь сот двадцать перваго года прозьбу в том, что для усовершенствования выделки на своей фабрике канатов...
300 _aНазв. привилегии дано по ПСЗ
300 _aВ "Реестре..." назв. привилегии: О выданной ревельскому 1й гильдии купцу Флюгу, привиллегии на выписанную им из Англии и пущенную в действие на канатном заводе, патентованную канато-делательную машину
300 _aСлева от МП: У сей привиллегии его императорскаго величества Министерства финансов Департамента мануфактур и внутренней торговли печать
300 _aПосле текста: Его императорскаго величества всемилостивейшаго государя моега действительный тайный советник, член Государственнаго совета, сенатор, министр финансов и уделов, управляющий Кабинетом его императорскаго величества, действительный каммергер и орденов российских: Св. Андрея Первозваннаго, Св. Александра Невскаго, Св. Анны и Св. Владимира первых степеней, прусских: Чорнаго и Краснаго Орла кавалер, подписал: граф Д.Гурьев. Скрепил директор департамента Дмитрий Серебряков
300 _aВ конце текста дата: Маия двадцать седьмаго дня тысяча восемь сот двадцать втораго года
316 _aЭкз. РНБ (18.90.1.1-2-71) является частью владельч. конволюта. Приплетено к: Указ его императорскаго величества самодержца всероссийскаго,: [О разыскании и отсылке в новгородскую духовную консисторию иеромонаха Мисаила] / из Владимирскаго губернскаго правления Гавриловскаго посада ратуши. - [Б. м., март 1822]. В верхнем правом углу рукоп. помета: 167
_5NLR: 18.90.1.1-2-71
321 1 _aПСЗ. Т.38. 29052
482 0 _1RU\NLR\BIBL_A\012017758
_12001#$aУказ его императорскаго величества самодержца всероссийскаго,$e[О разыскании и отсылке в новгородскую духовную консисторию иеромонаха Мисаила]$fиз Владимирскаго губернскаго правления Гавриловскаго посада ратуши
_1210##$a[Б. м.$dмарт 1822]
_tУказ его императорскаго величества самодержца всероссийскаго,
517 1 _aВладелец канатной фабрики, в городе Санктпетербурге находящейся, ревельский первой гильдии купец Егор Гаврилов Флюг подал Министерству финансов по Департаменту мануфактур и внутренней торговли в четвертый день июля месяца прошлаго тысяча восемь сот двадцать перваго года прозьбу в том, что для усовершенствования выделки на своей фабрике канатов...
517 1 _aРевельскому купцу Флюгу на выписанную им из Англии канатную машину
517 1 _aО выданной ревельскому 1й гильдии купцу Флюгу, привиллегии на выписанную им из Англии и пущенную в действие на канатном заводе, патентованную канато-делательную машину
518 1 _aВладелец канатной фабрики, в городе Санктпетербурге находящейся, ревельский первой гильдии купец Егор Гаврилов Флюг подал Министерству финансов по Департаменту мануфактур и внутренней торговли в четвертый день июля месяца прошлого тысяча восемь сот двадцать первого года просьбу в том, что для усовершенствования выделки на своей фабрике канатов...
518 1 _aПривилегия
606 1 _aЗаконодательство
_yРоссия
_z1801 - 1825
_92280395
_3RU\NLR\AUTH\6601594564
686 _aХ2(2)47-3
702 0 _4720
_7ca
_8rus
_aАлександр
_cимператор российский
_dI
_f1777-1825
_9115306
_3RU\NLR\AUTH\775342
702 1 _7ca
_8rus
_aФлюг
_bЕ. Г.
_f19 в.
_gЕгор Гаврилович
_9208276
_3RU\NLR\AUTH\770208329
702 1 _4720
_7ca
_8rus
_aГурьев
_bД. А.
_f1758-1825
_gДмитрий Александрович
_9158616
_3RU\NLR\AUTH\770158657
702 1 _4720
_7ca
_8rus
_aСеребряков
_bД. С.
_gДмитрий Семенович
_9167703
_3RU\NLR\AUTH\770167751
710 0 1 _4720
_aРоссия
_bИмператор
_c1801-1825; Александр I
_9584940
_3RU\NLR\AUTH\8810042745
852 _aNLR
_j18.90.1.1-2-71
852 _aNLR
942 _cBOOK
980 _aNB
980 _aA1UKAZ